Statistics for Diplomatic Missions of Togo

Click here to take the quiz!

General Stats

  • This quiz has been taken 35 times
  • The average score is 34 of 42

Answer Stats

MissionAnswer% Correct
CountryUnited States
100%
CountryBelgium
96%
CountryChina
96%
CountryFrance
96%
CountryNigeria
96%
EmbassyBeijing
92%
CountryCanada
92%
CountryDemocratic Republic of the Congo
92%
EmbassyLondon
92%
EmbassyParis
92%
CountryUnited Kingdom
92%
EmbassyWashington D.C.
92%
EmbassyAbuja
88%
MissionBrussels
88%
EmbassyBrussels
88%
CountryGermany
88%
CountryIndia
88%
EmbassyNew Delhi
88%
Permanent MissionNew York City
88%
CountrySouth Africa
88%
EmbassyBerlin
83%
CountryEthiopia
83%
EmbassyKinshasa
83%
EmbassyOttawa
83%
Permanent MissionAddis Ababa
79%
EmbassyAddis Ababa
79%
CountryGhana
79%
CountryJapan
79%
EmbassyTokyo
79%
CountryBrazil
75%
Permanent MissionGeneva
75%
EmbassyPretoria
75%
EmbassyAccra
71%
EmbassyBrasília
71%
CountryMorocco
67%
EmbassyRabat
67%
CountryGabon
54%
CountryLibya
54%
EmbassyTripoli
50%
CountryKuwait
46%
EmbassyKuwait City
46%
EmbassyLibreville
46%

Score Distribution

Percentile by Number Answered

Percent of People with Each Score

Your Score History

You have not taken this quiz